MARC

LEADER 00000nam0a2200000 4500
001 253665
005 20231101232850.0
010 |a 527900152X 
035 |a (RuTPU)RU\TPU\book\276067 
090 |a 253665 
100 |a 20140314d1989 k y0rusy50 ca 
101 0 |a rus 
102 |a RU 
105 |a y i 000zy 
200 1 |a СССР и союзные республики в 1988 году  |f СССР, Государственный комитет по статистике (Госкомстат СССР) ; под ред. Л. Ю. Логиновой 
210 |a Москва  |c Финансы и статистика  |d 1989 
215 |a 495 с. 
606 1 |a Народное хозяйство СССР  |x Статистика  |2 stltpush  |3 (RuTPU)RU\TPU\subj\36484  |9 57847 
610 1 |a СССР 
610 1 |a союзные республики 
610 1 |a социально-экономическое развитие 
610 1 |a социальное развитие 
610 1 |a уровень жизни 
610 1 |a повышение 
610 1 |a статистические данные 
610 1 |a отрасли народного хозяйства 
686 |a У9(2)0-05  |v LBC/SL-A  |2 rubbk 
702 1 |a Логинова  |b Л. Ю.  |4 340 
712 0 1 |a СССР  |b Государственный комитет по статистике (Госкомстат СССР)  |c (Москва)  |c (1987-1991)  |2 stltpush  |3 (RuTPU)RU\TPU\col\16086 
801 1 |a RU  |b 63413507  |c 20140314 
801 2 |a RU  |b 63413507  |c 20140428  |g RCR 
942 |c BK